000
00401nam a2200145Ia 4500
008
090122s9999 xx 000 0 und d
082
_b
5551
_a
891.463
100
_a
राजे
_b
नयना
245
_a
आत्मसन्मान
600
_a
राजे
630
_a
आत्मसन्मान
700
_a
राजे
730
_a
आत्मसन्मान
942
_c
BOOK
999
_c
29629
_d
29629